书目信息 |
| 题名: |
TensorFlow神经网络设计
|
|
| 作者: | 亚尔钦 著 ;汪雄飞 , 陈朗 , 汪荣贵 译 | |
| 分册: | ||
| 出版信息: | 北京 清华大学出版社 2024.09 |
|
| 页数: | 157页 | |
| 开本: | 25cm | |
| 丛书名: | ||
| 单 册: | ||
| 中图分类: | TP183 | |
| 科图分类: | ||
| 主题词: | 人工神经网络--ren gong shen jing wang luo | |
| 电子资源: | ||
| ISBN: | 978-7-302-66223-5 | |
| 000 | 01319nam0 2200313 450 | |
| 001 | 90647 | |
| 005 | 20250816082053.48 | |
| 010 | @a978-7-302-66223-5@dCNY69.00 | |
| 100 | @a20241028d2024 em y0chiy50 ea | |
| 101 | 1 | @achi@ctur |
| 102 | @aCN@b110000 | |
| 105 | @aak a 000yy | |
| 106 | @ar | |
| 200 | 1 | @aTensorFlow神经网络设计@ATensorFlow shen jing wang luo she ji@e基于Python API的深度学习实战@f(土) 奥汗·亚尔钦著@g汪雄飞, 陈朗, 汪荣贵译 |
| 210 | @a北京@c清华大学出版社@d2024.09 | |
| 215 | @a157页@c图@d25cm | |
| 300 | @a中外学者论AI | |
| 312 | @a英文题名取自封面 | |
| 320 | @a有书目 | |
| 330 | @a本书以TensorFlow 2.0为基本开发平台, 通过一系列具体的应用案例, 使用通俗易懂的语言比较系统地介绍深度学习的基本概念和神经网络模型设计的基本知识。这些案例涉及的应用领城非常广泛, 从图像识别到推荐系统, 从艺术图像生成到自然语言处理, 为读者的应用系统设计和开发提供了比较宽广的视野。 | |
| 510 | 1 | @aApplied neural networks with tensorflow 2@eAPI oriented deep learning with python@zeng |
| 606 | 0 | @a人工神经网络@Aren gong shen jing wang luo |
| 690 | @aTP183@v5 | |
| 701 | 1 | @a亚尔钦@Aya er qin@g(Yalcin, Orhan)@4著 |
| 702 | 0 | @a汪雄飞@Awang xiong fei@4译 |
| 702 | 0 | @a陈朗@Achen lang@4译 |
| 702 | 0 | @a汪荣贵@Awang rong gui@4译 |
| 801 | 0 | @aCN@c20250909 |
| 905 | @a河南城建学院图书馆@dTP183@eY017@f1 | |
| TensorFlow神经网络设计:基于Python API的深度学习实战/(土) 奥汗·亚尔钦著/汪雄飞, 陈朗, 汪荣贵译.-北京:清华大学出版社,2024.09 |
| 157页:图;25cm |
| 中外学者论AI |
| ISBN 978-7-302-66223-5:CNY69.00 |
| 本书以TensorFlow 2.0为基本开发平台, 通过一系列具体的应用案例, 使用通俗易懂的语言比较系统地介绍深度学习的基本概念和神经网络模型设计的基本知识。这些案例涉及的应用领城非常广泛, 从图像识别到推荐系统, 从艺术图像生成到自然语言处理, 为读者的应用系统设计和开发提供了比较宽广的视野。 |
| ● |
| 相关链接 |
|
|
|
正题名:TensorFlow神经网络设计
索取号:TP183/Y017
 
预约/预借
| 序号 | 登录号 | 条形码 | 馆藏地/架位号 | 状态 | 备注 |
| 1 | 1624609 | 216246097 | 自科库301/301自科库 69排1列2层/ [索取号:TP183/Y017] | 在馆 |